000
00220nam a2200121Ia 4500
100
_a
#N/A
942
_c
BK
245
_a
ann baker Tree or Three
260
_b
#N/A
082
_b
21636
546
_a
ENGLISH
999
_c
28608
_d
28608